000 00887nam a2200205Ii 4500
003 JO-AjNU
008 230605s9999||||xx |||||||||||||| ||und||
040 _aJO-AjNU
_bara
_erda
_cJO-AjNU
041 _aara
050 1 4 _aBP173.759.Q5798 1998
100 3 _aالقرضاوي، يوسف,
_eauthor
_918338
245 0 0 _aبيع المرابحة للآمر بالشراء كما تجريه المصارف الإسلامية: دراسة في ضوء النصوص والقواعد الشرعية
250 _aط1
264 3 1 _aبيروت: مؤسسة الرسالة للطباعة والنشر والتوزيع، 1998
300 _a134ص
_bيتضمن ملاحق(ص119-132)
336 _atext
_btxt
_2rdacontent
337 _aunmediated
_bn
_2rdamedia
338 _avolume
_bnc
_2rdacarrier
650 4 _aالمرابحة- البنوك الاسلامية- الاقتصاد الاسلامي
_918339
999 _aA5846
_c9414
_d9414